Electrical principles for installation and craft students / (Record no. 13442)
[ view plain ]
| 000 -LEADER | |
|---|---|
| fixed length control field | 00697nam a2200193 a 4500 |
| 020 ## - INTERNATIONAL STANDARD BOOK NUMBER | |
| ISBN | 0070942692 (paperback) |
| 020 ## - INTERNATIONAL STANDARD BOOK NUMBER | |
| ISBN | 9780070942691 (paperback) |
| 100 1# - MAIN ENTRY--AUTHOR NAME | |
| Personal name | BIRCHALL, GEOFFREY SEDDON STOTT' 'G. |
| 245 10 - TITLE STATEMENT | |
| Title | Electrical principles for installation and craft students / |
| 260 ## - PUBLICATION, DISTRIBUTION, ETC. (IMPRINT) | |
| Place of publication | [S.l.] : |
| Name of publisher | MCGRAW-HILL EDUCATION, |
| Year of publication | 1971. |
| 300 ## - PHYSICAL DESCRIPTION | |
| Number of Pages | 164 p. |
| 490 1# - SERIES STATEMENT | |
| Series statement | Technical education series. |
| 500 ## - GENERAL NOTE | |
| General note | Import. |
| 856 40 - ELECTRONIC LOCATION AND ACCESS | |
| Uniform Resource Identifier | http://www.amazon.com/exec/obidos/ASIN/0070942692/chopaconline-20 |
| Withdrawn status | Lost status | Home library | Current library | Date acquired | Cost, normal purchase price | Full call number | Accession Number | Koha item type |
|---|---|---|---|---|---|---|---|---|
| Central Library, QUEST, Nawabshah | Central Library, QUEST, Nawabshah | 05/05/2015 | 152.58 | 621.31042BIR | 9848 | Books |